|
|
|
|
| LEADER |
02986nam a22005295i 4500 |
| 001 |
978-3-540-33381-4 |
| 003 |
DE-He213 |
| 005 |
20151204160955.0 |
| 007 |
cr nn 008mamaa |
| 008 |
100301s2006 gw | s |||| 0|eng d |
| 020 |
|
|
|a 9783540333814
|9 978-3-540-33381-4
|
| 024 |
7 |
|
|a 10.1007/11734680
|2 doi
|
| 040 |
|
|
|d GrThAP
|
| 050 |
|
4 |
|a QA76.9.C65
|
| 072 |
|
7 |
|a UGK
|2 bicssc
|
| 072 |
|
7 |
|a COM072000
|2 bisacsh
|
| 082 |
0 |
4 |
|a 003.3
|2 23
|
| 245 |
1 |
0 |
|a Multi-Agent-Based Simulation VI
|h [electronic resource] :
|b International Workshop, MABS 2005, Utrecht, The Netherlands, July 25, 2005, Revised and Invited Papers /
|c edited by Jaime S. Sichman, Luis Antunes.
|
| 264 |
|
1 |
|a Berlin, Heidelberg :
|b Springer Berlin Heidelberg,
|c 2006.
|
| 300 |
|
|
|a X, 190 p.
|b online resource.
|
| 336 |
|
|
|a text
|b txt
|2 rdacontent
|
| 337 |
|
|
|a computer
|b c
|2 rdamedia
|
| 338 |
|
|
|a online resource
|b cr
|2 rdacarrier
|
| 347 |
|
|
|a text file
|b PDF
|2 rda
|
| 490 |
1 |
|
|a Lecture Notes in Computer Science,
|x 0302-9743 ;
|v 3891
|
| 505 |
0 |
|
|a Invited Talk -- Multi-Agent-Based Simulation: Why Bother? -- Coalition Emergence -- PartNET++: Simulating Multiple Agent Partnerships Using Dependence Graphs -- Analysing Partner Selection Through Exchange Values -- Theories and Models -- Automatic Tuning of Agent-Based Models Using Genetic Algorithms -- Formal Interpretation and Analysis of Collective Intelligence as Individual Intelligence -- An Artificial Maieutic Approach for Eliciting Experts’ Knowledge in Multi-agent Simulations -- Predictability for Autonomous Decision Support -- Applications -- Analyzing Police Patrol Routes by Simulating the Physical Reorganization of Agents -- Agent-Based Geo-simulation to Support Human Planning and Spatial Cognition -- Modeling Non-linear Common-Pool Resource Experiments with Boundedly Rational Agents -- Tax Compliance in a Simulated Heterogeneous Multi-agent Society -- Environments -- Agent Transport Simulation for Dynamic Peer-to-Peer Networks -- Visual Modeling for Complex Agent-Based Simulation Systems.
|
| 650 |
|
0 |
|a Computer science.
|
| 650 |
|
0 |
|a Computer communication systems.
|
| 650 |
|
0 |
|a Artificial intelligence.
|
| 650 |
|
0 |
|a Computer simulation.
|
| 650 |
|
0 |
|a Application software.
|
| 650 |
1 |
4 |
|a Computer Science.
|
| 650 |
2 |
4 |
|a Simulation and Modeling.
|
| 650 |
2 |
4 |
|a Artificial Intelligence (incl. Robotics).
|
| 650 |
2 |
4 |
|a Computer Communication Networks.
|
| 650 |
2 |
4 |
|a Computer Appl. in Social and Behavioral Sciences.
|
| 650 |
2 |
4 |
|a Information Systems Applications (incl. Internet).
|
| 700 |
1 |
|
|a Sichman, Jaime S.
|e editor.
|
| 700 |
1 |
|
|a Antunes, Luis.
|e editor.
|
| 710 |
2 |
|
|a SpringerLink (Online service)
|
| 773 |
0 |
|
|t Springer eBooks
|
| 776 |
0 |
8 |
|i Printed edition:
|z 9783540333807
|
| 830 |
|
0 |
|a Lecture Notes in Computer Science,
|x 0302-9743 ;
|v 3891
|
| 856 |
4 |
0 |
|u http://dx.doi.org/10.1007/11734680
|z Full Text via HEAL-Link
|
| 912 |
|
|
|a ZDB-2-SCS
|
| 912 |
|
|
|a ZDB-2-LNC
|
| 950 |
|
|
|a Computer Science (Springer-11645)
|